Quy trình soạn thảo và mẫu các văn bản thông dụng dùng trong quản lý đơn vị hành chính sự nghiệp và kinh tế

Khái quát chung về văn bản hành chính và quy trình soạn thảo, ban hành văn bản, quy trình soạn thảo các mẫu văn bản hành chính thông dụng thường gặp trong quản lý hành chính và kinh tế.

Wedi'i Gadw mewn:
Manylion Llyfryddiaeth
Prif Awdur: Lê, Thành Kính
Fformat: Llyfr
Iaith:Undetermined
Cyhoeddwyd: Hà Nội Thống kê 2000
Pynciau:
Tagiau: Ychwanegu Tag
Dim Tagiau, Byddwch y cyntaf i dagio'r cofnod hwn!
Thư viện lưu trữ: Trung tâm Học liệu Trường Đại học Cần Thơ
LEADER 00964nam a2200205Ia 4500
001 CTU_39218
008 210402s9999 xx 000 0 und d
020 |c 50000 
082 |a 346.022 
082 |b K312 
100 |a Lê, Thành Kính 
245 0 |a Quy trình soạn thảo và mẫu các văn bản thông dụng dùng trong quản lý đơn vị hành chính sự nghiệp và kinh tế 
245 0 |c Lê Thành Kính, Châu Thành Nam 
260 |a Hà Nội 
260 |b Thống kê 
260 |c 2000 
520 |a Khái quát chung về văn bản hành chính và quy trình soạn thảo, ban hành văn bản, quy trình soạn thảo các mẫu văn bản hành chính thông dụng thường gặp trong quản lý hành chính và kinh tế. 
650 |a Contracts 
904 |i Nguyễn Quang Điền, Giang sửa 
980 |a Trung tâm Học liệu Trường Đại học Cần Thơ